| 000 | 00482nam a22001697a 4500 | ||
|---|---|---|---|
| 003 | NUST - PNEC | ||
| 005 | 20170116181101.0 | ||
| 008 | 150921b xxu||||| |||| 00| 0 eng d | ||
| 020 | _a- | ||
| 040 | _cLIBRARY | ||
| 082 | _a624.17 JUN | ||
| 100 |
_911531 _aJunnarkar, S B |
||
| 245 |
_aMechanics of structures (a text book for university students) Vol III _cS.B. Junnarkar |
||
| 260 | _cc.1960 | ||
| 650 |
_911535 _aStructural analysis (Engineering) _xME / MIS |
||
| 942 |
_2ddc _cBK |
||
| 999 |
_c68772 _d68772 |
||